| 000 | 00808nam a2200253Ia 4500 | ||
|---|---|---|---|
| 003 | OSt | ||
| 005 | 20220918201359.0 | ||
| 006 | a|||||r|||| 00| 0 | ||
| 007 | ta | ||
| 008 | 220917b |||||||| |||| 00| 0 eng d | ||
| 024 | _a93,518 | ||
| 037 | _cTextual | ||
| 040 |
_aARTS _cARTS _beng |
||
| 041 |
_2eng _aeng |
||
| 082 | _aV1N39p1,N79, M2 | ||
| 110 |
_aAnglo Japanese Conference on the history of the second World War (London) _998449 |
||
| 245 | 0 |
_aPapers _b Anglo Japanese akienaalionb 1919- 1952 ed by Ian Nish |
|
| 260 |
_aCambridge _bCUP _c1982 |
||
| 490 | _aIntrenational studies | ||
| 650 | _aHISTORY | ||
| 700 |
_aAnglo Japanese Conference on the history of the second World War (London) _998450 |
||
| 942 |
_hV1N39p1,N79, M2 _cTEXL _2CC |
||
| 999 |
_c217160 _d217160 |
||